000 00750cam a22002291 4500
001 10328516
003 OSt
005 20150324103836.0
008 750724s1963 xx 000 0 spa
010 _a 64039132
040 _cBMC
082 _a808.0687284
100 1 _aChávez Velasco, Waldo
_929676
245 1 0 _aCuentos de hoy y de mañana
_cWaldo Chavez Velasco
250 _a1ª ed
260 _aSan Salvador
_bMinisterio de Educación, Dirección General de Publicaciones
_c1963
300 _a103 p.
_c19 cm
490 0 _aColección Certamen nacional de cultura
_v23
586 _aPrimer premio República de El Salvador VIII Certamen Nacional de Cultura 1962
650 2 4 _929639
_aCuentos salvadoreños
942 _2ddc
_cBK
_hahoj
999 _c19881
_d19881